LIBRARY ONLINE CATALOGUE

A University course in academic communication skills (workbook) / (Record no. 12718)

MARC details
000 -LEADER
fixed length control field 00661cam a22002052 4500
001 - CONTROL NUMBER
control field 0000002573
005 - DATE AND TIME OF LATEST TRANSACTION
control field 20151217155816.0
008 - FIXED-LENGTH DATA ELEMENTS--GENERAL INFORMATION
fixed length control field 070416s xx 000 0 eng d
020 ## - INTERNATIONAL STANDARD BOOK NUMBER
Terms of availability KES 180
040 ## - CATALOGING SOURCE
Original cataloging agency KABU
Transcribing agency KABU
050 #0 - LIBRARY OF CONGRESS CALL NUMBER
Classification number P91.3
Item number .C63 1990
245 12 - TITLE STATEMENT
Title A University course in academic communication skills (workbook) /
Statement of responsibility, etc. by Peter Bint ... [et al.]
260 ## - PUBLICATION, DISTRIBUTION, ETC. (IMPRINT)
Place of publication, distribution, etc. Nairobi :
Name of publisher, distributor, etc. Nairobi University Press,
Date of publication, distribution, etc. 1990.
300 ## - PHYSICAL DESCRIPTION
Extent xii, 106 p.
650 #0 - SUBJECT ADDED ENTRY--TOPICAL TERM
Topical term or geographic name as entry element Communication
General subdivision Study and teaching (Higher)
-- 0000159810
700 1# - ADDED ENTRY--PERSONAL NAME
Personal name Bint, Peter.
-- 0000159811
908 ## - PUT COMMAND PARAMETER (RLIN)
Put command parameter 070416
950 ## - LOCAL HOLDINGS (RLIN)
-- 1
Holdings
Withdrawn status Lost status Source of classification or shelving scheme Not for loan Home library Current library Date acquired Total Checkouts Full call number Barcode Date last seen Price effective from Koha item type
    Library of Congress Classification   Kabarak, Main Campus Kabarak, Main Campus 17/12/2015   P91.3 .C63 1990 003879 17/12/2015 17/12/2015 Africana Collection